| 000 | 00832cam a2200241 4500 | ||
|---|---|---|---|
| 001 | ABS62044 | ||
| 008 | 000000n2000 000 0 eng u | ||
| 035 | _a(Sirsi) u104768 | ||
| 100 | _aByrne, P. | ||
| 245 | _aRisk reduction in the United Kingdom property market | ||
| 260 | _c2000 | ||
| 490 |
_aJournal of Property Research _v17(1) March 2000, 23-46(24) |
||
| 520 | _aInvestigates the potential benefits and limitations of equal and value-weighted diversification using the UK institutional property market as an example. References. | ||
| 590 | _aABS | ||
| 650 | _aRISK | ||
| 650 | _aDIVERSIFICATION | ||
| 650 | _aCONFIDENCE | ||
| 650 | _aPORTFOLIOS | ||
| 650 | _aINSTITUTIONAL INVESTMENT | ||
| 690 | _aPROPERTY-COMMERCIAL PROPERTY-COMMERCIAL PROPERTY FINANCE AND INVESTMENT | ||
| 700 | _aLee, S. | ||
| 942 | _n0 | ||
| 999 |
_c62858 _d62858 |
||